| 000 | 00562nam a2200181Ia 4500 | ||
|---|---|---|---|
| 008 | 151202s9999||||xx |||||||||||||| ||und|| | ||
| 082 | _bPNVM-85124 | ||
| 100 | _aभागवत यशवंत. | ||
| 245 | _aसंघर्ष वेदीवर. | ||
| 260 | _bनवल प्रकाशन. | ||
| 260 | _c2013 | ||
| 300 | _a160 | ||
| 600 | _aभागवत यशवंत. | ||
| 630 | _aसंघर्ष वेदीवर. | ||
| 700 | _aभागवत यशवंत. | ||
| 730 | _aसंघर्ष वेदीवर. | ||
| 942 | _cBOOK | ||
| 999 |
_c1349976 _d1349973 |
||